Krofft TV Shows Quiz Stats

 Plays Quiz Updated Mar 30, 2020

     
Support Sporcle.
Go Orange.
Score 0/23 Timer 06:00
0 Plays Today
Year Show % Correct
1969H.R. Pufnstuf
65.9%
1974Land of the Lost
60.7%
1991Land of the Lost
60.7%
1971Lidsville
35.6%
1970The Bugaloos
35%
1973Sigmund and the Sea Monsters
32.1%
1976Electra Woman and Dyna Girl
20.9%
1976Dr. Shrinker
17%
1977The Brady Bunch Hour
16.5%
1976Donny & Marie
15.3%
1975Far Out Space Nuts
13.7%
1976Wonderbug
13.3%
Year Show % Correct
1975The Lost Saucer
11.8%
1976The Krofft Supershow
8.8%
1977Magic Mondo
8.5%
1977Bigfoot and Wildboy
8.3%
1987D.C. Follies
7.7%
1980Pink Lady
7.6%
1978The Krofft Superstar Hour
7.2%
1984Pryor's Place
6.9%
1980Barbara Mandrell and the Mandrell Sisters
6.8%
2002Family Affair
6.5%
1976Kaptain Kool and the Kongs
5.4%

From the Vault

International Paris Métro Stations

by Triffid

Geography 10m
Familiarize yourself with one of the densest metros in the world.
Remove Ads.
Support Sporcle.
Get the best of Sporcle when you Go Orange. This ad-free experience offers more features, more stats, and more fun while also helping to support Sporcle. Thank you for becoming a member.

Show Comments

Extras

Top Quizzes Today


Score Distribution

Your Account Isn't Verified!

In order to create a playlist on Sporcle, you need to verify the email address you used during registration. Go to your Sporcle Settings to finish the process.

Report this User

Report this user for behavior that violates our Community Guidelines.

Details: